UM Logo

Values and school leadership / (Record no. 17830)

MARC details
000 -LEADER
fixed length control field 00641nam a22002057a 4500
003 - CONTROL NUMBER IDENTIFIER
control field OSt
005 - DATE AND TIME OF LATEST TRANSACTION
control field 20230120132247.0
008 - FIXED-LENGTH DATA ELEMENTS--GENERAL INFORMATION
fixed length control field 230120b ||||| |||| 00| 0 eng d
040 ## - CATALOGING SOURCE
Transcribing agency 0
082 ## - DEWEY DECIMAL CLASSIFICATION NUMBER
Classification number DPer 370.5 M720 June - December 2017 v66 no. 1-7
100 ## - MAIN ENTRY--PERSONAL NAME
Personal name Palogan, Nita G.
Relator term author.
9 (RLIN) 47381
245 ## - TITLE STATEMENT
Title Values and school leadership /
Statement of responsibility, etc. Nita G. Palogan
260 ## - PUBLICATION, DISTRIBUTION, ETC. (IMPRINT)
Place of publication, distribution, etc. Philippines :
Name of publisher, distributor, etc. Papi Publishers, Inc.,
Date of publication, distribution, etc. August 2017.
300 ## - PHYSICAL DESCRIPTION
Extent volume 66, page 92.
650 ## - SUBJECT ADDED ENTRY--TOPICAL TERM
Topical term or geographic name as entry element Leadership.
9 (RLIN) 47382
650 ## - SUBJECT ADDED ENTRY--TOPICAL TERM
Topical term or geographic name as entry element Values.
9 (RLIN) 47383
650 ## - SUBJECT ADDED ENTRY--TOPICAL TERM
Topical term or geographic name as entry element Student activities.
9 (RLIN) 47310
700 ## - ADDED ENTRY--PERSONAL NAME
Personal name Palogan, Nita G.
Relator term author.
9 (RLIN) 47381
942 ## - ADDED ENTRY ELEMENTS (KOHA)
Source of classification or shelving scheme Dewey Decimal Classification
Koha item type Periodicals

No items available.